Systém vzdelávania vedúci k efektívnemu rozvoju podniku diplomová práca

Salvato in:
Dettagli Bibliografici
Autore principale: Špaňová, Katarína
Ente Autore: Národohospodárska fakulta EU. Katedra sociálneho rozvoja a práce
Altri autori: Alexy, Július, 1926-2024
Natura: Libro
Lingua:slovacco
Pubblicazione: Bratislava 2013
Tags: Aggiungi Tag
Nessun Tag, puoi essere il primo ad aggiungerne!!

MARC

LEADER 00000nbm a2200000 4500
001 0169316
005 20161109102255.5
041 0 |a slo 
044 |a SK 
245 1 0 |a Systém vzdelávania vedúci k efektívnemu rozvoju podniku  |b diplomová práca  |c Katarína Špaňová ; školiteľ: Július Alexy 
264 1 |a Bratislava  |c 2013 
300 |a 65 s. 
100 1 |a Špaňová, Katarína 
700 1 |a Alexy, Július, 1926-2024 
710 2 |a Národohospodárska fakulta EU. Katedra sociálneho rozvoja a práce